000 00659cam a2200205 a 4500
020 _a9780802090348 (cloth)
020 _a0802090346 (cloth)
020 _a9780802093752 (pbk.)
020 _a0802093752 (pbk.)
040 _cNLC
082 0 4 _a081 ADB 2009 C337 Or.
100 1 _aWaring, Marilyn,
245 1 0 _aTHAILAND: National environmental performance assessment(EPA) report.
260 _aToronto ;
_aBuffalo, NY :
_bUniversity of Toronto Press,
_cc2009
300 _axii, 230 p. ;
_c23 cm
500 _a"Updated, revised North American ed. of: In the lifetime of a goat"--T.p. verso
650 0 _aWomen
650 0 _aWorld politics
942 _cREC
999 _c19287
_d19287